Online
Catalog

Juristas y sociólogos. (Record no. 15882)

MARC details
000 -CABECERA
campo de control de longitud fija 00672cam a22001811 4500
001 - NÚMERO DE CONTROL
campo de control 000016347
005 - FECHA Y HORA DE LA ÚLTIMA TRANSACCIÓN
campo de control 20240418073804.0
008 - DATOS DE LONGITUD FIJA--INFORMACIÓN GENERAL
campo de control de longitud fija 781101s1960 mx 000 0 spa
040 ## - FUENTE DE LA CATALOGACIÓN
Centro catalogador/agencia de origen DO-SdBNP
Lengua de catalogación spa
Centro/agencia transcriptor BNPHU
245 00 - MENCIÓN DE TÍTULO
Título Juristas y sociólogos.
260 ## - PUBLICACIÓN, DISTRIBUCIÓN, ETC.
Lugar de publicación, distribución, etc. Puebla, México :
Nombre del editor, distribuidor, etc. J. M. Cajica,
Fecha de publicación, distribución, etc. 1960.
300 ## - DESCRIPCIÓN FÍSICA
Extensión 662 p. ;
Dimensiones 22 cm.
440 #0 - MENCIÓN DE SERIE/PUNTO DE ACCESO ADICIONAL--TÍTULO
Título Biblioteca ecuatoriana mínima. La colonia y la república
9 (RLIN) 3109
500 ## - NOTA GENERAL
Nota general A cabeza de tít.: Publicación auspiciada por la Secretaría General de la Undécima Conferencia Interamericana, Quito, Ecuador, 1960
650 24 - PUNTO DE ACCESO ADICIONAL DE MATERIA--TÉRMINO DE MATERIA
Término de materia o nombre geográfico como elemento de entrada Discurso forense.
9 (RLIN) 36462
650 24 - PUNTO DE ACCESO ADICIONAL DE MATERIA--TÉRMINO DE MATERIA
Término de materia o nombre geográfico como elemento de entrada Derecho
Subdivisión geográfica Ecuador
9 (RLIN) 36463
650 20 - PUNTO DE ACCESO ADICIONAL DE MATERIA--TÉRMINO DE MATERIA
Término de materia o nombre geográfico como elemento de entrada Sociología
9 (RLIN) 1061
Holdings
Estado de retiro Estado de pérdida Restricciones de uso No para préstamo Código de colección Localización permanente Ubicación/localización actual Ubicación en estantería Fecha de adquisición Número de inventario Total de préstamos Signatura topográfica completa Código de barras Fecha visto por última vez Precio válido a partir de Tipo de ítem Koha
      Préstamo restrigido Monografías: Libros y Folletos General General En encuadernación 03.03.2010 LF1   16347-10 25.06.2020 25.06.2020 No se presta

Powered by Koha